| 000 | 01207nam a2200229Ia 4500 | ||
|---|---|---|---|
| 003 | Ost | ||
| 005 | 20260507075520.0 | ||
| 008 | 260507s9999||||xx |||||||||||||| ||und|| | ||
| 020 | _a996106216 | ||
| 040 | _cfsecg | ||
| 041 | _aara | ||
| 082 | _a658.84 | ||
| 100 |
_aعطون، مروان _eمؤلف |
||
| 245 | 0 |
_aالأسواق النقدية والمالية : _bالبورصات ومشكلاتها في عالم النقد والمال:ج1:أدوات وآليات نشاط البورصات في الاقتصاد الحديث / _c مروان عطون |
|
| 250 | _aطبعة 4 | ||
| 260 |
_aالجزائر: _bديوان المطبوعات الجامعية, _c2008 |
||
| 300 |
_a431 صفحة؛ _bإيضاحات ؛ _c22 سم |
||
| 520 | _aالأسواق النقدية والمالية،أدوات الإئتمان القصير الأجل،أدوات الإئتمان الطويل الأجل،القرض العام،النظريات المالية في الفكر الإقتصادي،البورصة،المراكز المالية الدولية،العوامل المحددة لأسعار الأوراق المالية | ||
| 653 | _aالأسواق | ||
| 653 | _aالبورصات | ||
| 942 | _cكتاب | ||
| 999 |
_c44771 _d44771 |
||